Statistics for 1980's Movie Characters by Quote

Click here to take the quiz!

General Stats

  • This quiz has been taken 140 times
  • The average score is 5 of 11

Answer Stats

QuoteCharacter% Correct
I am your fatherDarth Vader
93%
That's not a knife,THAT's a knifeMick Dundee
79%
Snakes, why did it have to be snakes?Indiana Jones
78%
Great Scott!Doc Brown
69%
I feel the need, the need for speedMaverick
65%
Phone Home E.T.Elliot
56%
Kneel before ___Zod
24%
Hey you guys!Chunk
23%
Get to the Choppa!Dutch
21%
I'm an excellent driverRaymond Babbitt
17%
Sweep the legJohn Kreese
10%

Score Distribution

Percentile by Number Answered

Percent of People with Each Score

Your Score History

You have not taken this quiz